00575pab a2200145 454500008004000000100001600040245004000056260000900096300001500105362001100120520022400131650002400355650001600379773003400395180718b1999 xxu||||| |||| 00| 0 eng d aKhare, M.P. aAssessing crops index number muddle c1999 ap.1982-984 a17 Jul aAn index number of agricultural growth is used for the overall assessment of agricultural growth. In Maharashtra an error was made in constructing the index number some 25 years ago, and has gone unnoticed. - Reproduced aAgriculture - India aAgriculture aEconomic and Political Weekly